Návrh opatrení na zefektívnenie procesu cyklickej inventúry a čiastkových inventúr majetku v podniku Hella Slovakia Front – Lighting s. r. o.

Gespeichert in:
Bibliographische Detailangaben
1. Verfasser: Srnánková, Elena, 1962- (Verfasst von)
Weitere Verfasser: Makyšová, Helena, 1976- (Betreuung Doktorarbeit)
Format: Manuskript Buch
Sprache:Slowakisch
Veröffentlicht: Trnava : STU v Bratislave MTF UPMK, 2014
Schlagworte:
Online-Zugang:VAIS
Tags: Tag hinzufügen
Keine Tags, Fügen Sie das erste Tag hinzu!

MARC

LEADER 00000ntm a22000003a 4500
001 stu293271
005 20150617230318.5
008 140708s2014----xo------------------slo-d
040 |a STU  |b slo 
041 0 |a slo 
044 |a xo 
100 1 |a Srnánková, Elena,  |d 1962-  |4 aut  |u M  |T MTF Materiálovotechnologická fakulta  |X 62363  |U M  |Y 60  |7 A000062363 
242 0 0 |a Proposal of measurement for reengineering the process of cyclic sub-inventory and inventory assets in the company Hella Slovakia Front-Lighting, s. r. o.  |y eng 
245 1 |a Návrh opatrení na zefektívnenie procesu cyklickej inventúry a čiastkových inventúr majetku v podniku Hella Slovakia Front – Lighting s. r. o. 
260 |a Trnava :  |b STU v Bratislave MTF UPMK,  |c 2014 
300 |a 72s  |c CD 
650 7 |a priemyselné manažérstvo  |2 stusub 
650 7 |a Industrial Management  |2 estusub 
650 7 |a inventory  |2 estusub 
650 7 |a stock  |2 estusub 
650 7 |a logistics  |2 estusub 
650 7 |a zásoby  |2 stusub 
650 7 |a logistika  |2 stusub 
700 1 |a Makyšová, Helena,  |d 1976-  |4 ths  |u M4000  |U MTF Materiálovotechnologická fakulta  |T MTF Ústav priemyselného inžinierstva a manažmentu  |X 2772  |U M4000  |Y 84  |7 A000002772 
856 4 |a info a plný text  |u http://is.stuba.sk/zp/portal_zp.pl?podrobnosti=94596  |3 VAIS 
996 |c M*BP-7019  |l MMSKP  |s P  |a 0  |w stu293271_0001